000
00324nam a2200133Ia 4500
005
20260328104315.0
008
260328s9999||||xx |||||||||||||| ||und||
100
_a
Meyer, Hannes
245
0
_a
Hannes Meyer /
_c
Hannes Meyer
260
_b
Cuadernos de arquitecturas
300
_a
94 p.
650
_a
ARQUITECTOS
942
_c
BK
999
_c
11127
_d
11127